• Educazione

di Genre/Form Term

Records bibliografici associati: 1

001 - CONTROL NUMBER

  • control field: 57051

003 - CONTROL NUMBER IDENTIFIER

  • control field:

005 - DATE AND TIME OF LATEST TRANSACTION

  • control field: 20180507102810.0

008 - FIXED-LENGTH DATA ELEMENTS

  • fixed length control field: 180507|| aca||aabn | a|a d

040 ## - CATALOGING SOURCE

  • Original cataloging agency:
  • Transcribing agency:

155 ## - HEADING--GENRE/FORM TERM

  • Genre/form term: Educazione
  • General subdivision: Dolore degli innocenti - apostolato del dolore

670 ## - SOURCE DATA FOUND

  • Source citation: Work cat.: ()0: Gnocchi, Carlo, 1902-1956 57050, Pedagogia del dolore innocente /, 2016
CREDITS: SOCIETA' SAN PAOLO Via A.Severo, 58 - ROMA (RM) & PERIODICI SAN PAOLO SRL Via Giotto, 36 MILANO & CISF Via Giotto, 36 MILANO & EDIZIONI SAN PAOLO SRL,  Piazza Soncino, 5 CINISELLO BALSAMO (MI) -- ITALY